|
|
|
|
| LEADER |
00000 a2200000 4500 |
| 001 |
RU/ROS-EDU.RU/51341 |
| 856 |
4 |
|
|u https://www.ros-edu.ru/book?id=51341
|z Перейти к просмотру издания
|
| 010 |
|
|
|a 978-5-7793-2084-9
|
| 100 |
|
|
|a 20100101d2010 |||y0rusy0250
|
| 105 |
|
|
|a y z 000zy
|
| 101 |
0 |
|
|a rus
|
| 102 |
|
|
|a RU
|
| 200 |
1 |
|
|a Такая разная любовь
|b Электронный ресурс
|e Любимые произведения русских классиков
|f сост.: И. А. Маневич, Н. П. Рудакова
|
| 702 |
|
1 |
|b И. А.
|a Маневич
|4 220
|
| 702 |
|
1 |
|b Н. П.
|a Рудакова
|4 220
|
| 330 |
|
|
|a Иллюстрированное подарочное издание включает лучшие повести и рассказы восьми русских писателей, раскрывающие все аспекты любви. Книга дополнена очерками о значении любви в жизни самих классиков, произведениями живописи и оформлена в изысканном стиле.
|
| 210 |
|
|
|a Москва
|c Белый город
|d 2010
|
| 610 |
1 |
|
|a разная любовь
|
| 610 |
1 |
|
|a любимое произведение
|
| 610 |
1 |
|
|a русский классик
|
| 610 |
1 |
|
|a произведение живописи
|
| 675 |
|
|
|a 821.161
|
| 686 |
|
|
|a 84
|2 rubbk
|
| 300 |
|
|
|a Книга находится в премиум-версии платформы «Русский как иностранный».
|
| 215 |
|
|
|a 256 с.
|